Regiony jsou pro firmy stále lákavější

Etablovanie firiem v menších, regionálnych mestách. Výhody menších miest pre podnikanie. Význam vysokých škôl v týchto mestách. Centrá zdieľaných podnikových služieb. Podnikové procesy zabezpečované centrami zdieľaných podnikových služieb.

Gespeichert in:
Bibliographische Detailangaben
1. Verfasser: Appleton, Jonathan
Format: Buchkapitel
Sprache:Tschechisch
Schlagworte:
Tags: Tag hinzufügen
Keine Tags, Fügen Sie das erste Tag hinzu!

MARC

LEADER 00000naa a2200000 4500
001 0253511
005 20190513093751.1
041 0 |a cze 
044 |a CZ 
245 1 0 |a Regiony jsou pro firmy stále lákavější  |c Jonathan Appleton 
520 |a Etablovanie firiem v menších, regionálnych mestách. Výhody menších miest pre podnikanie. Význam vysokých škôl v týchto mestách. Centrá zdieľaných podnikových služieb. Podnikové procesy zabezpečované centrami zdieľaných podnikových služieb. 
610 2 0 |a firmy 
610 2 0 |a podnikanie 
610 2 0 |a regióny 
610 2 0 |a mestá 
610 2 0 |a sily pracovné 
610 2 0 |a kvalifikácia 
610 2 0 |a školy vysoké 
610 2 0 |a mzdy 
610 2 0 |a nájomné 
610 2 0 |a služby pre podniky 
100 1 |a Appleton, Jonathan